02151nam a2200589 i 450000100060000000300090000600500170001500800410003201500190007303500230009203500360011503500140015103500210016503500170018603500230020303500440022604000280027004500100029804600090030808000160031708000200033308000170035324502660037026000580063630000240069433600270071833700540074533800280079938000160082738000230084338800140086638800140088050600310089464800190092564800190094465000150096365000260097865000210100465100160102565500190104165800340106065800130109465800510110770000390115871000360119771000880123371000540132185600990137594200120147499900170148695200580150335357KOSZ 00520241114130846.0241112s1987 pl g 000 0 pol  aUWD B 1987/333 a991025214719705066 a(PL-WaBN)b16877445-48omnis_nlop ab16877445 a(OCoLC)831145125 azz2003866967 a(PL)b0000001687744 a(EXLNZ-48OMNIS_NETWORK)9910285026705606 aWA NcWA NdKOSZ 005/RW bd1985 k1987 a94(438).083 a338.22(438)"19" a323(438)"19"00aWewnętrzne uwarunkowania ekonomiczne kształtowania się sytuacji politycznej w Polsce w 1985 roku :bpraca zbiorowa /cpod redakcją Jerzego Hausnera ; Akademia Ekonomiczna w Krakowie, Centralny Ośrodek Metodyczny Studiów Nauk Politycznych w Warszawie. aKraków :bWydawnictwo Akademii Ekonomicznej,c1987. a239 stron ;c23 cm. aTekstbtxt2rdacontent aBez urządzenia pośredniczącegobn2rdamedia aWoluminbnc2rdacarrier aKsiążki aPublikacje naukowe1 a1901-20001 a1945-1989 aDo użytku służbowego. 7a1901-20002DBN 7a1945-19892DBN 7aGospodarka 7aPolityka wewnętrzna 7aSpołeczeństwo 7aPolska2DBN 7aPraca zbiorowa aGospodarka, ekonomia, finanse aHistoria aPolityka, politologia, administracja publiczna1 aHausner, Jerzyd(1949- )eRedakcja2 aAkademia Ekonomiczna (Kraków)2 aCentralny Ośrodek Metodyczny Studiów Nauk Politycznych (Uniwersytet Warszawski)2 aWydawnictwo Akademii Ekonomicznej (Kraków)4pbl uhttps://koha.tu.koszalin.pl/cgi-bin/koha/opac-detail.pl?biblionumber=35357yKatalog online BPK 2UKDcKS c35357d35357 001040718CBUiEaBPKbBPKcmho126248p02762487yKS